000 00787cam a2200193 4500
001 ABS65929
008 020925n2002 000 0 eng u
035 _a(Sirsi) u119838
100 _aHelps, D
245 _aHanging in the balance
260 _c2002
490 _aBuilding
_v267(8245) 2 August 2002, 43(1)
520 _aDiscusses whether it is acceptable to bring in new arguments or evidence once an adjudication has started, with a review of the recent judgments in "Edmund Nuttall Ltd v R G Carter Ltd".
590 _aABS
650 _aMANAGEMENT-DISPUTE AVOIDANCE, MANAGEMENT AND RESOLUTION-DISPUTE MANAGEMENT AND RESOLUTION-ALTERNATIVE DISPUTE RESOLUTION-ADJUDICATION
650 _aEDMUND NUTTALL LTD V R G CARTER LTD
690 _aDispute resolution
_96236
942 _n0
999 _c71220
_d71220